| 000 | 00337nam a22001337a 4500 | ||
|---|---|---|---|
| 020 | _a0-529-04852-3 | ||
| 082 | _a423 WEB'C | ||
| 100 |
_aCOLLINS _975526 |
||
| 245 | _aWEBSTERS NEW TWENTIETH CENTURY DICTIONARY OF THE ENGLISH LANGUAGE UNABRIDGED | ||
| 250 | _a2ND | ||
| 260 |
_aUSA _bCOLLINS _c1975 |
||
| 300 | _aXIV,1138P | ||
| 942 | _cBK | ||
| 999 |
_c581984 _d581984 |
||